[Event "RUS-ch Blitz Men 2018"]
[Site "Sochi"]
[Date "2018.10.07"]
[Round "16"]
[White "Belyakov, Bogdan"]
[Black "Gochelashvili, David"]
[Result "0-1"]
[WhiteElo "2458"]
[BlackElo "2419"]
[Annotator "ChessBase"]
[PlyCount "74"]
[EventDate "2018.10.07"]
[EventType "swiss"]
[EventCountry "RUS"]
[SourceTitle "playchess.com"]
[Source "ChessBase"]
[SourceQuality "1"]

1. e4 c5 2. c3 Nf6 3. e5 Nd5 4. d4 cxd4 5. cxd4 d6 6. Bc4 Nb6 7. Bb5+ Bd7 8. e6 fxe6 9. Bd3 g6 10. h4 Nc6 11. h5 g5 12. h6 Qc7 13. Qh5+ Kd8 14. Nc3 Nxd4 15. Bxg5 Nc4 16. Nge2 Nxb2 17. Bb1 Nxe2 18. Nxe2 Qc4 19. Qh4 Nd3+ 20. Bxd3 Qxd3 21. Rd1 Qa6 22. Qd4 Rg8 23. f4 Ke8 24. Qd3 Qa5+ 25. Kf2 Rg6 26. g3 Rc8 27. Rd2 Bb5 28. Qd4 e5 29. Qe3 Rc5 30. f5 Rg8 31. Bh4 Bc6 32. Rc1 Rxc1 33. Nxc1 e4 34. Nb3 Qxf5+ 35. Kg1 Qh5 36. Rg2 Bxh6 37. Qxa7 e3 0-1

[Event "RUS-ch Blitz Men 2018"]
[Site "Sochi"]
[Date "2018.10.07"]
[Round "16"]
[White "Kozionov, Kirill"]
[Black "Vastrukhin, Oleg"]
[Result "0-1"]
[WhiteElo "2458"]
[BlackElo "2413"]
[Annotator "ChessBase"]
[PlyCount "76"]
[EventDate "2018.10.07"]
[EventType "swiss"]
[EventCountry "RUS"]
[SourceTitle "playchess.com"]
[Source "ChessBase"]
[SourceQuality "1"]

1. b3 Nf6 2. Bb2 d5 3. Nf3 Bg4 4. g3 Nbd7 5. Bg2 e6 6. h3 Bxf3 7. Bxf3 Bd6 8. e3 c6 9. d3 a5 10. a3 Qb6 11. Nc3 h5 12. h4 Ne5 13. Bg2 Nfg4 14. Qe2 a4 15. b4 c5 16. O-O cxb4 17. axb4 Qxb4 18. Ba3 Qxc3 19. Bxd6 f6 20. Rfb1 Qc6 21. Ba3 Kf7 22. c4 Rhc8 23. cxd5 exd5 24. Qa2 Rd8 25. Rc1 Qa6 26. Bxd5+ Kg6 27. d4 Nc6 28. Qc2+ f5 29. Bc4 Qa5 30. Be6 Re8 31. d5 Rxe6 32. dxe6 Re8 33. e7 Nce5 34. Qe2 Qa6 35. Rab1 Qxe2 36. Rb6+ Kh7 37. Rf1 Nf3+ 38. Kg2 Nxe3+ 0-1

[Event "RUS-ch Blitz Men 2018"]
[Site "Sochi"]
[Date "2018.10.07"]
[Round "16"]
[White "Oganian, Miran"]
[Black "Nechaev, Oleg"]
[Result "0-1"]
[WhiteElo "2435"]
[BlackElo "2400"]
[Annotator "NA"]
[PlyCount "98"]
[EventDate "2018.10.07"]
[EventType "swiss"]
[EventCountry "RUS"]
[SourceTitle "playchess.com"]
[Source "ChessBase"]
[SourceQuality "1"]

1. d4 Nf6 2. Nc3 c5 3. d5 a6 4. a4 g6 5. e4 d6 6. Nf3 Bg7 7. Nd2 O-O 8. Be2 e5 9. O-O Nbd7 10. Nc4 Nb6 11. Na3 Ne8 12. a5 Nd7 13. Nc4 f5 14. exf5 gxf5 15. f4 e4 16. Be3 b5 17. axb6 Nxb6 18. Na5 Nc7 19. Qd2 Kh8 20. Rab1 Qf6 21. Rfd1 Bd7 22. Nc4 Nxc4 23. Bxc4 Nb5 24. Ne2 Rab8 25. c3 Rb6 26. Ra1 Rfb8 27. Ra2 Nc7 28. b4 Bb5 29. bxc5 dxc5 30. Bxb5 Rxb5 31. c4 Rb2 32. Rxb2 Rxb2 33. Qe1 Qb6 34. Ng3 Qb3 35. Nxf5 Qxc4 36. d6 Ne6 37. d7 Bf6 38. Nd6 Qc2 39. Rd2 Qc3 40. Rd1 Qc2 41. Rd2 Qc3 42. Rd1 Qc2 43. Rd2 Qc3 44. Qg3 Qc1+ 45. Kf2 Rxd2+ 46. Bxd2 Qxd2+ 47. Kf1 Qxd6 48. f5 Qxg3 49. hxg3 Nd8 0-1

[Event "RUS-ch Blitz Men 2018"]
[Site "Sochi"]
[Date "2018.10.07"]
[Round "16"]
[White "Balashov, Yuri S"]
[Black "Bocharov, Dmitry"]
[Result "0-1"]
[WhiteElo "2429"]
[BlackElo "2557"]
[Annotator "ChessBase"]
[PlyCount "62"]
[EventDate "2018.10.07"]
[EventType "swiss"]
[EventCountry "RUS"]
[SourceTitle "playchess.com"]
[Source "ChessBase"]
[SourceQuality "1"]

1. d4 Nf6 2. c4 e6 3. Nf3 b6 4. Nc3 Bb4 5. Bg5 h6 6. Bh4 Bb7 7. Nd2 Nc6 8. e3 Ne7 9. f3 Nf5 10. Bf2 c5 11. a3 cxd4 12. axb4 dxe3 13. Bg1 exd2+ 14. Qxd2 O-O 15. Bd3 Ne7 16. Nb5 d5 17. c5 bxc5 18. bxc5 Bc6 19. Nd6 Nc8 20. Nxc8 Qxc8 21. Be3 e5 22. Bxh6 Nh7 23. Be3 f5 24. O-O f4 25. Bf2 e4 26. fxe4 dxe4 27. Bc4+ Kh8 28. Qd6 Rf6 29. Qe7 e3 30. Bh4 Qg4 31. Bg3 fxg3 0-1

[Event "RUS-ch Blitz Men 2018"]
[Site "Sochi"]
[Date "2018.10.07"]
[Round "16"]
[White "Tsoi, Dmitry"]
[Black "Kalinin, Michail Borisovich"]
[Result "0-1"]
[WhiteElo "2429"]
[BlackElo "2380"]
[Annotator "NA"]
[PlyCount "192"]
[EventDate "2018.10.07"]
[EventType "swiss"]
[EventCountry "RUS"]
[SourceTitle "playchess.com"]
[Source "ChessBase"]
[SourceQuality "1"]

1. c4 e6 2. Nf3 d5 3. b3 Nf6 4. Bb2 Bd6 5. g3 Nbd7 6. Bg2 O-O 7. O-O b6 8. e3 Bb7 9. Nc3 c5 10. cxd5 Nxd5 11. Nxd5 Bxd5 12. d4 Qe7 13. Qe2 Rfd8 14. Rfd1 cxd4 15. Nxd4 Bxg2 16. Kxg2 Ne5 17. Nb5 Qb7+ 18. f3 Bc7 19. Bxe5 Bxe5 20. Rxd8+ Rxd8 21. Rd1 Rxd1 22. Qxd1 g6 23. a4 a6 24. Na3 Qc6 25. Nc4 Bc7 26. Qd3 Qc5 27. Nd2 Be5 28. Ne4 Qb4 29. f4 Ba1 30. Nd2 b5 31. axb5 axb5 32. g4 Qc5 33. Nf3 h6 34. h3 Qb4 35. Nd2 Bc3 36. Ne4 Bg7 37. Nd6 Qa3 38. Nxb5 Qb2+ 39. Kg3 Qc1 40. Kg2 Qb2+ 41. Kg3 Qc1 42. Nd4 Qg1+ 43. Kf3 Qh1+ 44. Ke2 Qxh3 45. b4 Qxg4+ 46. Kd2 Qg2+ 47. Kc1 h5 48. b5 h4 49. Qe2 Qg1+ 50. Kc2 Bxd4 51. exd4 Qxd4 52. Qg4 Qc4+ 53. Kd2 Qxb5 54. Qxh4 Qb3 55. Qd8+ Kg7 56. Qd4+ Kh7 57. Qf6 Qd5+ 58. Ke3 Qf5 59. Qh4+ Kg7 60. Qe7 Qf6 61. Qc5 Qd8 62. Qe5+ Kg8 63. Qc5 Qb8 64. Kf3 Qb3+ 65. Kf2 Qd3 66. Qc8+ Kg7 67. Qc5 Qf5 68. Qc3+ f6 69. Qc7+ Kh6 70. Kg3 e5 71. Qd8 Qxf4+ 72. Kg2 e4 73. Qd5 Qf3+ 74. Kg1 Qg3+ 75. Kh1 Qg4 76. Qd4 Kg5 77. Qd5+ f5 78. Qd8+ Kf4 79. Qd2+ Ke5 80. Qc3+ Kf4 81. Qd2+ Kg3 82. Qe1+ Kh3 83. Qf1+ Kh4 84. Qe1+ Kh5 85. Qa5 Qd1+ 86. Kg2 Qe2+ 87. Kh1 e3 88. Qe5 Qf3+ 89. Kh2 Qf2+ 90. Kh1 Qh4+ 91. Kg2 Qg4+ 92. Kh1 e2 93. Qh8+ Kg5 94. Qd8+ Kf4 95. Qd4+ Kg3 96. Qe3+ Qf3+ 0-1

[Event "RUS-ch Blitz Men 2018"]
[Site "Sochi"]
[Date "2018.10.07"]
[Round "16"]
[White "Apryshko, Gleb"]
[Black "Triapishko, Alexandr"]
[Result "1-0"]
[WhiteElo "2399"]
[BlackElo "2508"]
[Annotator "ChessBase"]
[PlyCount "72"]
[EventDate "2018.10.07"]
[EventType "swiss"]
[EventCountry "RUS"]
[SourceTitle "playchess.com"]
[Source "ChessBase"]
[SourceQuality "1"]

1. e4 c6 2. d4 d5 3. Nd2 dxe4 4. Nxe4 Bf5 5. Ng3 Bg6 6. Nh3 Nf6 7. Nf4 e5 8. Nxg6 hxg6 9. dxe5 Qa5+ 10. c3 Qxe5+ 11. Be2 Nbd7 12. O-O O-O-O 13. Qa4 Bc5 14. Bf4 Rh4 15. Bxe5 Rxa4 16. Bxf6 gxf6 17. b4 Bd6 18. Ne4 Be7 19. a3 f5 20. Nd2 Nb6 21. Nb3 Nd5 22. Na5 Nxc3 23. Bc4 Nd5 24. Bb3 Rxa5 25. bxa5 Rd7 26. a6 b5 27. Rfd1 Kc7 28. a4 b4 29. Rac1 Kb6 30. a5+ Kb5 31. Rxc6 Kxc6 32. Ba4+ Kc7 33. Bxd7 Nc3 34. Rd3 Bf6 35. Be8 Be5 36. Rd7+ Kc6 1-0

[Event "RUS-ch Blitz Men 2018"]
[Site "Sochi"]
[Date "2018.10.07"]
[Round "16"]
[White "Truskavetsky, Alexandr"]
[Black "Sharafiev, Azat"]
[Result "0-1"]
[WhiteElo "2393"]
[BlackElo "2432"]
[Annotator "NA RC"]
[PlyCount "61"]
[EventDate "2018.10.07"]
[EventType "swiss"]
[EventCountry "RUS"]
[SourceTitle "playchess.com"]
[Source "ChessBase"]
[SourceQuality "1"]

1. d4 e6 2. c4 b6 3. g3 Bb7 4. Nf3 Bb4+ 5. Bd2 Bxf3 6. exf3 Bxd2+ 7. Nxd2 Ne7 8. Bg2 d5 9. O-O c6 10. f4 O-O 11. Rc1 Nd7 12. Nf3 Rc8 13. b4 Nf6 14. Ne5 Nf5 15. g4 Nd6 16. c5 bxc5 17. bxc5 Nb5 18. a4 Na3 19. g5 Nd7 20. Nxc6 Rxc6 21. Qf3 Qc7 22. Qxa3 Qxf4 23. Qg3 Qxd4 24. Rfd1 Qxa4 25. Qe3 Qa5 26. Ra1 Qxc5 27. Qxc5 Rxc5 28. Rxa7 Ne5 29. h4 Rc4 30. Re1 Nd3 31. Rd1 0-1

[Event "RUS-ch Blitz Men 2018"]
[Site "Sochi"]
[Date "2018.10.07"]
[Round "16"]
[White "Tekeyev, Zaur"]
[Black "Dzhumagaliev, Yan"]
[Result "0-1"]
[WhiteElo "2392"]
[BlackElo "2410"]
[Annotator "NA"]
[PlyCount "124"]
[EventDate "2018.10.07"]
[EventType "swiss"]
[EventCountry "RUS"]
[SourceTitle "playchess.com"]
[Source "ChessBase"]
[SourceQuality "1"]

1. e4 h5 2. d4 h4 3. h3 c6 4. Nf3 d5 5. Nbd2 dxe4 6. Nxe4 Bf5 7. Nc5 b6 8. Bd3 Bxd3 9. Nxd3 e6 10. O-O Nd7 11. Bf4 Ngf6 12. Bg5 Bd6 13. c4 Qc7 14. b4 Ne4 15. Be3 a5 16. c5 bxc5 17. bxc5 Be7 18. Bf4 Qa7 19. Qa4 Qa6 20. Nde5 Nc3 21. Qb3 Ne2+ 22. Kh1 Nxf4 23. Nxd7 Kxd7 24. Ne5+ Ke8 25. Qf3 g5 26. Nxc6 Rc8 27. Ne5 f6 28. Ng4 Qc6 29. Qxc6+ Rxc6 30. Rfb1 Kd7 31. Ne3 Nd5 32. Nc4 Ra8 33. Rb5 Bd8 34. a4 Nb4 35. Kg1 Bc7 36. Kf1 Rca6 37. Rb1 Kc6 38. Re1 Kd5 39. Nb6+ Bxb6 40. cxb6+ Kd6 41. Rc1 Rb8 42. Rcc5 Rbxb6 43. Rxa5 Rxa5 44. Rxa5 Ra6 45. Rb5 Rxa4 46. Rb6+ Nc6 47. g3 Rxd4 48. gxh4 Rxh4 49. Kg2 Rf4 50. Ra6 Kd5 51. Ra2 Nd4 52. Ra5+ Ke4 53. Ra2 e5 54. Rb2 Kf5 55. Rb6 Nf3 56. Kg3 Nh4 57. Rb2 Rf3+ 58. Kh2 Ra3 59. Rc2 e4 60. Rc5+ Kf4 61. Rc2 f5 62. Rb2 Ra1 0-1

[Event "RUS-ch Blitz Men 2018"]
[Site "Sochi"]
[Date "2018.10.07"]
[Round "16"]
[White "Asanov, Timur"]
[Black "Lugovskoy, Maxim"]
[Result "1-0"]
[WhiteElo "2389"]
[BlackElo "2428"]
[Annotator "NA"]
[PlyCount "89"]
[EventDate "2018.10.07"]
[EventType "swiss"]
[EventCountry "RUS"]
[SourceTitle "playchess.com"]
[Source "ChessBase"]
[SourceQuality "1"]

1. d4 d5 2. Nf3 e6 3. Bg5 Nf6 4. e3 Be7 5. Bd3 c5 6. c3 Nc6 7. Nbd2 Qb6 8. Qc1 Bd7 9. O-O Rc8 10. Bc2 h6 11. Bh4 O-O 12. Ne5 Rfd8 13. Nxd7 Nxd7 14. Bxe7 Nxe7 15. Rb1 e5 16. dxe5 Nxe5 17. Qd1 d4 18. exd4 cxd4 19. Be4 dxc3 20. bxc3 Qf6 21. Qe2 b6 22. c4 Rd4 23. Rb5 N7g6 24. Rc1 Qf4 25. Rc2 Rcd8 26. Rd5 Qg5 27. Bxg6 R4xd5 28. Bxf7+ Nxf7 29. cxd5 Qxd5 30. h3 Ne5 31. Ne4 Ng6 32. g3 Ne5 33. Rd2 Nd3 34. Qe3 a5 35. Kh2 b5 36. Qb6 Rd7 37. Qb8+ Kh7 38. Qe8 Rf7 39. Rxd3 Qf5 40. Re3 Rc7 41. Qd8 Rc1 42. Qd3 Qg6 43. Nf6+ gxf6 44. Re7+ Kh8 45. Qxg6 1-0

[Event "RUS-ch Blitz Men 2018"]
[Site "Sochi"]
[Date "2018.10.07"]
[Round "16"]
[White "Ivlev, Aleksey"]
[Black "Romanov, Evgeny"]
[Result "1/2-1/2"]
[WhiteElo "2326"]
[BlackElo "2614"]
[Annotator "ChessBase"]
[PlyCount "88"]
[EventDate "2018.10.07"]
[EventType "swiss"]
[EventCountry "RUS"]
[SourceTitle "playchess.com"]
[Source "ChessBase"]
[SourceQuality "1"]

1. d4 Nf6 2. c4 e6 3. Nf3 b6 4. g3 Ba6 5. Nbd2 Bb7 6. Bg2 c5 7. Nb3 cxd4 8. Nbxd4 a6 9. O-O Be7 10. b3 O-O 11. Bb2 d6 12. Qc2 Qc7 13. Rad1 Nbd7 14. Qb1 Rac8 15. Qa1 Qb8 16. h3 b5 17. cxb5 axb5 18. g4 b4 19. Rc1 Nc5 20. Rfd1 Nd5 21. e3 Qa8 22. Ne1 Bf6 23. Qb1 Rfd8 24. Ne2 Bxb2 25. Qxb2 h6 26. Rc4 Qa5 27. Rcd4 Nc3 28. Nxc3 bxc3 29. Qc2 Bxg2 30. Nxg2 Na6 31. a3 d5 32. Nf4 e5 33. Rxd5 Rxd5 34. Nxd5 Qxa3 35. Nxc3 Nb4 36. Qd2 Qxb3 37. Nd5 Nxd5 38. Qxd5 Qb2 39. Rd2 Qa1+ 40. Kh2 g6 41. h4 Qa4 42. Qd7 Qa8 43. Qd5 Qa4 44. Qd7 Qxd7 1/2-1/2

[Event "RUS-ch Blitz Men 2018"]
[Site "Sochi"]
[Date "2018.10.07"]
[Round "16"]
[White "Remizov, Yaroslav"]
[Black "Iljiushenok, Ilia"]
[Result "1/2-1/2"]
[WhiteElo "2315"]
[BlackElo "2539"]
[Annotator "ChessBase"]
[PlyCount "91"]
[EventDate "2018.10.07"]
[EventType "swiss"]
[EventCountry "RUS"]
[SourceTitle "playchess.com"]
[Source "ChessBase"]
[SourceQuality "1"]

1. e4 c5 2. Nf3 Nf6 3. Nc3 d5 4. exd5 Nxd5 5. Bb5+ Bd7 6. Bxd7+ Qxd7 7. Nxd5 Qxd5 8. d4 Nc6 9. dxc5 Qxc5 10. O-O e6 11. Be3 Qa5 12. Nd4 Be7 13. Nxc6 bxc6 14. Qf3 Qd5 15. Qxd5 cxd5 16. Rfc1 Bf6 17. Rab1 Kd7 18. c4 Rhc8 19. cxd5 Rxc1+ 20. Rxc1 exd5 21. b3 a5 22. Kf1 a4 23. b4 Rb8 24. Bc5 a3 25. Ke2 Bb2 26. Rd1 Kc6 27. Rd3 Rd8 28. Rf3 Rd7 29. Kd3 Kb5 30. Rh3 h6 31. Rh5 Bf6 32. Rf5 Rd8 33. f4 Rd7 34. Rh5 Bb2 35. g4 Bc1 36. f5 Rd8 37. Be7 Rc8 38. f6 g6 39. Rxd5+ Kb6 40. Rc5 Rxc5 41. bxc5+ Kc6 42. Kc4 Bb2 43. Kb3 h5 44. gxh5 gxh5 45. h3 Kb5 46. Kc2 1/2-1/2

[Event "RUS-ch Blitz Men 2018"]
[Site "Sochi"]
[Date "2018.10.07"]
[Round "16"]
[White "Chizhikov, Vladislav"]
[Black "Alexeev, Alexey"]
[Result "1-0"]
[WhiteElo "2304"]
[BlackElo "2287"]
[Annotator "NA"]
[PlyCount "71"]
[EventDate "2018.10.07"]
[EventType "swiss"]
[EventCountry "RUS"]
[SourceTitle "playchess.com"]
[Source "ChessBase"]
[SourceQuality "1"]

1. e4 e6 2. d4 d5 3. Nc3 Bb4 4. e5 c5 5. a3 Bxc3+ 6. bxc3 Ne7 7. Qg4 O-O 8. Bd3 Nbc6 9. Nf3 f5 10. exf6 Rxf6 11. Qh5 g6 12. Qh6 c4 13. Be2 Nf5 14. Qd2 Nd6 15. Qe3 Bd7 16. Ne5 Nf5 17. Qh3 Nxe5 18. dxe5 Rf7 19. O-O Ba4 20. Ra2 Rc8 21. Rb2 b6 22. Bg4 d4 23. Bxf5 Rxf5 24. f4 d3 25. cxd3 cxd3 26. Bd2 Qd5 27. Qe3 Bc6 28. Rf2 g5 29. Qg3 Kh8 30. fxg5 Rxe5 31. c4 Qd4 32. Rb3 Rd8 33. Rxd3 Qxd3 34. Qxe5+ Kg8 35. Qxe6+ Kh8 36. Qxc6 1-0

[Event "RUS-ch Blitz Men 2018"]
[Site "Sochi"]
[Date "2018.10.07"]
[Round "16"]
[White "Jary, Sergey"]
[Black "Kozak, Alexander"]
[Result "0-1"]
[WhiteElo "2286"]
[BlackElo "2262"]
[Annotator "NA"]
[PlyCount "80"]
[EventDate "2018.10.07"]
[EventType "swiss"]
[EventCountry "RUS"]
[SourceTitle "playchess.com"]
[Source "ChessBase"]
[SourceQuality "1"]

1. d4 d5 2. Nf3 e6 3. g3 f5 4. Bg2 Nf6 5. c4 c6 6. O-O Bd6 7. Qc2 Ne4 8. Nbd2 Nd7 9. Ne1 Qf6 10. Ndf3 g5 11. b3 h5 12. Nd3 h4 13. Nfe5 hxg3 14. fxg3 Qh6 15. h4 Qg7 16. hxg5 Qh7 17. Rf3 Qh2+ 18. Kf1 Nxg3+ 19. Rxg3 Qxg3 20. Bf4 Qh4 21. Ng6 Qh5 22. Nxh8 Bxf4 23. Nxf4 Qxh8 24. Nxe6 Ke7 25. cxd5 cxd5 26. Qxf5 Nb6 27. Qf6+ Qxf6+ 28. gxf6+ Kxe6 29. Rc1 Bd7 30. Rc7 Rf8 31. Rxb7 Rxf6+ 32. Ke1 Kd6 33. Rxa7 Rf4 34. e3 Rh4 35. Kf2 Bf5 36. a4 Be4 37. Kg3 Rh8 38. Bh3 Rf8 39. a5 Nc8 40. Bg4 Nxa7 0-1

[Event "RUS-ch Blitz Men 2018"]
[Site "Sochi"]
[Date "2018.10.07"]
[Round "17"]
[White "Tomashevsky, Evgeny"]
[Black "Yuffa, Daniil"]
[Result "1/2-1/2"]
[WhiteElo "2705"]
[BlackElo "2563"]
[Annotator "TA"]
[PlyCount "100"]
[EventDate "2018.10.07"]
[EventType "swiss"]
[EventCountry "RUS"]
[SourceTitle "playchess.com"]
[Source "ChessBase"]
[SourceQuality "1"]

1. Nf3 Nf6 2. d4 g6 3. Bg5 Bg7 4. Nbd2 d5 5. e3 O-O 6. Be2 c5 7. c3 Nc6 8. O-O b6 9. Bh4 Bb7 10. a3 Re8 11. b4 cxd4 12. cxd4 a6 13. Rc1 e5 14. Nxe5 Nxe5 15. dxe5 Rxe5 16. Nf3 Re8 17. Nd4 Qd7 18. Qb3 Ne4 19. Rfd1 Rac8 20. Qb2 f5 21. Bf3 h6 22. Bg3 Kh7 23. Bxe4 dxe4 24. h4 Qf7 25. b5 a5 26. Rxc8 Rxc8 27. Rc1 Rc4 28. Bf4 Bd5 29. Rxc4 Bxc4 30. a4 Bf6 31. Bg3 g5 32. hxg5 hxg5 33. Bd6 Qd5 34. Bc7 Qc5 35. Bb8 f4 36. Qc3 Qb4 37. Qc1 Qxa4 38. Nf5 Kg6 39. Nd6 Be6 40. Qc6 Qd1+ 41. Kh2 Qh5+ 42. Kg1 Qd1+ 43. Kh2 Qd5 44. Qe8+ Bf7 45. Nxf7 Qxf7 46. Qxe4+ Kg7 47. exf4 Qh5+ 48. Kg1 Qd1+ 49. Kh2 Qh5+ 50. Kg1 Qd1+ 1/2-1/2

[Event "RUS-ch Blitz Men 2018"]
[Site "Sochi"]
[Date "2018.10.07"]
[Round "17"]
[White "Demchenko, Anton"]
[Black "Apryshko, Gleb"]
[Result "0-1"]
[WhiteElo "2679"]
[BlackElo "2399"]
[Annotator "TA"]
[PlyCount "62"]
[EventDate "2018.10.07"]
[EventType "swiss"]
[EventCountry "RUS"]
[SourceTitle "playchess.com"]
[Source "ChessBase"]
[SourceQuality "1"]

1. e4 g6 2. d4 Bg7 3. Nc3 d6 4. Be3 a6 5. Qd2 Nd7 6. h4 h5 7. Nh3 b5 8. Ng5 Bb7 9. f3 Rc8 10. O-O-O c5 11. dxc5 Nxc5 12. Kb1 Qa5 13. Nd5 Qxd2 14. Rxd2 Bh6 15. Re2 Bxd5 16. exd5 Bg7 17. g3 Na4 18. Bh3 Rc7 19. Bc1 Nf6 20. Rd1 Nb6 21. Red2 Rc5 22. Rd3 Nbxd5 23. Bd2 O-O 24. Re1 b4 25. g4 Rb8 26. gxh5 Nxh5 27. Nxf7 Nhf4 28. Bxf4 Nxf4 29. Be6 Nxe6 30. Rxe6 Kxf7 31. Re4 Re5 0-1

[Event "RUS-ch Blitz Men 2018"]
[Site "Sochi"]
[Date "2018.10.07"]
[Round "17"]
[White "Alekseenko, Kirill"]
[Black "Morozevich, Alexander"]
[Result "0-1"]
[WhiteElo "2639"]
[BlackElo "2656"]
[Annotator "TA"]
[PlyCount "128"]
[EventDate "2018.10.07"]
[EventType "swiss"]
[EventCountry "RUS"]
[SourceTitle "playchess.com"]
[Source "ChessBase"]
[SourceQuality "1"]

1. d4 Nf6 2. Nc3 e6 3. e4 d5 4. e5 Nfd7 5. f4 c5 6. Nf3 Qb6 7. Na4 Qa5+ 8. c3 cxd4 9. b4 Qc7 10. Nxd4 a6 11. Bd2 Nc6 12. Be2 b5 13. Nb2 Nxd4 14. cxd4 Qa7 15. Bc3 a5 16. Nd3 Nb6 17. Nc5 Nc4 18. O-O Bxc5 19. bxc5 b4 20. Bd2 Ba6 21. f5 exf5 22. Rxf5 O-O 23. Bf3 Qd7 24. Rg5 Kh8 25. Rg3 f6 26. Bg4 Qc6 27. Bf5 fxe5 28. Qh5 Rxf5 29. Qxf5 Nxd2 30. Qg5 Qf6 31. Qxd2 e4 32. Qf2 Bc4 33. Qxf6 gxf6 34. Kf2 a4 35. Ke3 Rb8 36. Kf4 b3 37. axb3 axb3 38. Rb1 Bd3 39. Rb2 Bc2 40. Rc3 Kg7 41. c6 Kf7 42. Rcxc2 bxc2 43. Rxc2 Ke6 44. c7 Rc8 45. Rc5 Kd6 46. Ra5 Rxc7 47. Ra6+ Rc6 48. Ra7 Rc4 49. Ra6+ Ke7 50. Kf5 Rxd4 51. Rxf6 Rd2 52. Rh6 Kd7 53. Rxh7+ Kd6 54. Rh6+ Kc5 55. g4 e3 56. Re6 d4 57. h3 e2 58. g5 d3 59. g6 Rd1 60. g7 Rg1 61. Re5+ Kd4 62. Re4+ Kc3 63. Kf6 d2 64. Re3+ Kd4 0-1

[Event "RUS-ch Blitz Men 2018"]
[Site "Sochi"]
[Date "2018.10.07"]
[Round "17"]
[White "Paravyan, David"]
[Black "Kobalia, Mikhail"]
[Result "1-0"]
[WhiteElo "2629"]
[BlackElo "2620"]
[Annotator "TA"]
[PlyCount "105"]
[EventDate "2018.10.07"]
[EventType "swiss"]
[EventCountry "RUS"]
[SourceTitle "playchess.com"]
[Source "ChessBase"]
[SourceQuality "1"]

1. e4 e5 2. Nf3 Nc6 3. Bb5 Nf6 4. d3 Bc5 5. c3 O-O 6. O-O d5 7. exd5 Qxd5 8. Bc4 Qd6 9. Bg5 e4 10. dxe4 Qxd1 11. Rxd1 Nxe4 12. Bh4 Bg4 13. h3 Bxf3 14. gxf3 Nd6 15. Bd5 Rfe8 16. Nd2 Nf5 17. Bg5 Ne5 18. Be4 Nd6 19. Kg2 Nxe4 20. Nxe4 Bb6 21. a4 a5 22. Bf4 f6 23. Rd5 Ng6 24. Bg3 Rad8 25. Rad1 Rxd5 26. Rxd5 Kf7 27. b4 axb4 28. a5 Ba7 29. cxb4 Re7 30. b5 Nf8 31. Rd1 Ne6 32. b6 cxb6 33. Nd6+ Kg6 34. Nc8 Re8 35. Nxa7 bxa5 36. Nb5 a4 37. Ra1 Ra8 38. Bd6 Ra5 39. Rb1 Ra6 40. Ba3 Rb6 41. Rb2 Nf4+ 42. Kg3 Nd3 43. Rb1 Ne5 44. Rb4 Nd3 45. Rg4+ Kh6 46. Nd6 g6 47. Rxa4 Rb1 48. Kg2 g5 49. Nf5+ Kg6 50. Ne7+ Kf7 51. Nd5 Ke6 52. Rd4 Ke5 53. Rxd3 1-0

[Event "RUS-ch Blitz Men 2018"]
[Site "Sochi"]
[Date "2018.10.07"]
[Round "17"]
[White "Ponkratov, Pavel"]
[Black "Artemiev, Vladislav"]
[Result "1/2-1/2"]
[WhiteElo "2628"]
[BlackElo "2706"]
[Annotator "TA"]
[PlyCount "139"]
[EventDate "2018.10.07"]
[EventType "swiss"]
[EventCountry "RUS"]
[SourceTitle "playchess.com"]
[Source "ChessBase"]
[SourceQuality "1"]

1. Nf3 d5 2. g3 g6 3. c4 Nf6 4. cxd5 Nxd5 5. Bg2 Bg7 6. O-O Nc6 7. Nc3 O-O 8. d4 Nb6 9. e3 Bd7 10. h3 Qc8 11. Kh2 a5 12. Qe2 a4 13. Rd1 Ra5 14. Bd2 Rh5 15. Ng1 Re8 16. f3 Na5 17. g4 Rh4 18. Be1 Rh6 19. Rac1 g5 20. Ne4 Nc6 21. Nxg5 f5 22. f4 fxg4 23. h4 Rg6 24. d5 Nd8 25. Be4 Bf5 26. Rxc7 Qxc7 27. Bxf5 Qd6 28. Ne4 Qc7 29. Bxg6 hxg6 30. Bc3 Qc4 31. Qg2 Nxd5 32. Rxd5 a3 33. Bxg7 Kxg7 34. Rg5 axb2 35. Qxb2+ Kh7 36. Qg2 Qd3 37. Rxg4 Qxe3 38. Nh3 Ne6 39. Neg5+ Nxg5 40. Nxg5+ Kh8 41. Nh3 Rd8 42. Qxb7 Rd3 43. Ng1 Rd2+ 44. Kh1 Rd1 45. Qg2 Rxg1+ 46. Qxg1 Qh3+ 47. Qh2 Qxg4 48. Qf2 Kh7 49. Kh2 Qd1 50. a3 Qb3 51. Qc5 Qb2+ 52. Kg3 Qb3+ 53. Kf2 Qa2+ 54. Ke3 Qe6+ 55. Kf2 Qa2+ 56. Kf3 Qb3+ 57. Qe3 Qd5+ 58. Kg3 Qd7 59. Qb3 Qd6 60. a4 e5 61. Qc4 exf4+ 62. Qxf4 Qd3+ 63. Kf2 Qc2+ 64. Kg1 Qd1+ 65. Kg2 Qc2+ 66. Kg3 Qb3+ 67. Kg4 Qd1+ 68. Kg5 Qd8+ 69. Kg4 Qd1+ 70. Kg3 1/2-1/2

[Event "RUS-ch Blitz Men 2018"]
[Site "Sochi"]
[Date "2018.10.07"]
[Round "17"]
[White "Grachev, Boris"]
[Black "Kryakvin, Dmitry"]
[Result "1/2-1/2"]
[WhiteElo "2626"]
[BlackElo "2595"]
[Annotator "TA"]
[PlyCount "74"]
[EventDate "2018.10.07"]
[EventType "swiss"]
[EventCountry "RUS"]
[SourceTitle "playchess.com"]
[Source "ChessBase"]
[SourceQuality "1"]

1. d4 d5 2. Bf4 c5 3. e4 Nf6 4. Nc3 Nc6 5. Bb5 e6 6. exd5 Nxd5 7. Nxd5 Qxd5 8. Qf3 Bd7 9. Qxd5 exd5 10. Nf3 Nxd4 11. Bxd7+ Kxd7 12. Nxd4 cxd4 13. O-O-O Bc5 14. Be5 Kc6 15. Bxd4 Rad8 16. Rhe1 Rhe8 17. Bxc5 Kxc5 18. Kd2 Re6 19. Re3 d4 20. Rxe6 fxe6 21. Re1 Rf8 22. Rxe6 Rxf2+ 23. Re2 Rxe2+ 24. Kxe2 Kd5 25. Kd3 b5 26. c3 dxc3 27. Kxc3 a5 28. Kd3 h5 29. h4 g6 30. g3 Ke5 31. Ke3 Kf5 32. Kf3 g5 33. hxg5 Kxg5 34. Kf2 Kf6 35. Ke3 Ke5 36. Kd3 Kf5 37. Ke3 Ke5 1/2-1/2

[Event "RUS-ch Blitz Men 2018"]
[Site "Sochi"]
[Date "2018.10.07"]
[Round "17"]
[White "Oparin, Grigoriy"]
[Black "Esipenko, Andrey"]
[Result "1-0"]
[WhiteElo "2624"]
[BlackElo "2609"]
[Annotator "TA"]
[PlyCount "103"]
[EventDate "2018.10.07"]
[EventType "swiss"]
[EventCountry "RUS"]
[SourceTitle "playchess.com"]
[Source "ChessBase"]
[SourceQuality "1"]

1. Nf3 Nf6 2. c4 e6 3. g3 d5 4. Bg2 Be7 5. d4 O-O 6. Nc3 c6 7. Qd3 b6 8. b3 Ba6 9. O-O Nbd7 10. Bb2 Rc8 11. Rfd1 c5 12. Nb5 Bxb5 13. cxb5 Qc7 14. Rac1 Qb7 15. a4 Ne4 16. Ne5 Nxe5 17. dxe5 f5 18. exf6 Bxf6 19. Bxf6 Nxf6 20. e4 dxe4 21. Qe2 Rfd8 22. Rc4 Rxd1+ 23. Qxd1 Qd5 24. Qc2 Rd8 25. Bxe4 Qd1+ 26. Kg2 Rd2 27. Qxd1 Rxd1 28. Kf3 Kf7 29. Bc2 Ra1 30. b4 cxb4 31. Rxb4 Ra3+ 32. Kg2 Rc3 33. Be4 Ke7 34. Bc6 e5 35. a5 Ra3 36. axb6 axb6 37. Rc4 Rb3 38. Ra4 e4 39. Ra7+ Kf8 40. Rb7 Rb2 41. Kf1 e3 42. fxe3 Ng4 43. Rxb6 Nxe3+ 44. Ke1 Rxh2 45. Rb7 Rc2 46. Be4 Rb2 47. b6 Nc4 48. Rb8+ Ke7 49. b7 Nd6 50. Bf3 Rb3 51. Kf2 Kf6 52. Rf8+ 1-0

[Event "RUS-ch Blitz Men 2018"]
[Site "Sochi"]
[Date "2018.10.07"]
[Round "17"]
[White "Alekseev, Evgeny"]
[Black "Dubov, Daniil"]
[Result "1/2-1/2"]
[WhiteElo "2620"]
[BlackElo "2703"]
[Annotator "TA"]
[PlyCount "78"]
[EventDate "2018.10.07"]
[EventType "swiss"]
[EventCountry "RUS"]
[SourceTitle "playchess.com"]
[Source "ChessBase"]
[SourceQuality "1"]

1. e4 c5 2. Nf3 e6 3. d4 cxd4 4. Nxd4 a6 5. Bd3 Ne7 6. O-O g6 7. c4 Bg7 8. Nf3 d6 9. Nc3 O-O 10. Bg5 h6 11. Be3 Nbc6 12. Na4 Rb8 13. Bb6 Qd7 14. Rc1 g5 15. h4 g4 16. Nh2 h5 17. g3 Ne5 18. Be2 Qc6 19. f3 gxf3 20. Nxf3 Ng4 21. Ng5 Ng6 22. b3 N6e5 23. Rf4 f6 24. Nf3 Nxf3+ 25. Rxf3 Bd7 26. Bd3 Rbe8 27. Rc2 f5 28. exf5 Ne5 29. Rf1 exf5 30. Be2 Ng4 31. Bf3 Qc8 32. Bd5+ Kh7 33. Qf3 Bc6 34. Nc3 Qd7 35. Ne2 Bxd5 36. Qxd5 Re5 37. Qf3 Rfe8 38. Nf4 Qf7 39. Rd2 Bf8 1/2-1/2